[Event "ODJM A 2023"]
[Site "Willingen GER"]
[Date "2023.05.31"]
[Round "6"]
[White "Frohnhäuser, Simon"]
[Black "Astner, Sebastian"]
[Result "1/2-1/2"]
[Termination "normal"]
[Board "20"]
[WhiteElo "1901"]
[BlackElo "1897"]
[WhiteClock "00:04:33"]
[BlackClock "00:10:21"]
[PlyCount "109"]
[WhiteFideId "16208528"]
[BlackFideId "12979422"]
[EventCountry "GER"]
[EventRounds "9"]
[EventType "swiss"]
[EventDate "2023.05.27"]

1. e4 {[%clk 01:30:57]} {[%emt 00:00:02]} c6 {[%clk 01:30:56]} {[%emt
00:00:05]} 2. d4 {[%clk 01:31:21]} {[%emt 00:00:05]} d5 {[%clk 01:31:23]}
{[%emt 00:00:03]} 3. e5 {[%clk 01:31:47]} {[%emt 00:00:04]} Bf5 {[%clk
01:31:31]} {[%emt 00:00:22]} 4. Nc3 {[%clk 01:31:42]} {[%emt 00:00:36]} e6
{[%clk 01:31:31]} {[%emt 00:00:30]} 5. g4 {[%clk 01:32:03]} {[%emt 00:00:09]}
Bg6 {[%clk 01:31:26]} {[%emt 00:00:34]} 6. Nge2 {[%clk 01:32:26]} {[%emt
00:00:07]} h6 {[%clk 01:24:03]} {[%emt 00:07:54]} 7. Nf4 {[%clk 01:24:25]}
{[%emt 00:08:31]} Bh7 {[%clk 01:22:51]} {[%emt 00:01:42]} 8. Be3 {[%clk
01:20:02]} {[%emt 00:04:52]} Qb6 {[%clk 01:22:06]} {[%emt 00:01:17]} 9. Na4
{[%clk 01:12:53]} {[%emt 00:07:38]} Qa5+ {[%clk 01:21:36]} {[%emt 00:01:00]}
10. c3 {[%clk 01:13:19]} {[%emt 00:00:04]} Nd7 {[%clk 01:19:54]} {[%emt
00:02:11]} 11. b4 {[%clk 01:12:08]} {[%emt 00:01:41]} Bxb4 {[%clk 01:15:00]}
{[%emt 00:05:25]} 12. Qb3 {[%clk 01:11:03]} {[%emt 00:01:35]} Nb6 {[%clk
01:07:43]} {[%emt 00:07:47]} 13. cxb4 {[%clk 01:01:44]} {[%emt 00:09:49]} Qxa4
{[%clk 01:08:03]} {[%emt 00:00:10]} 14. Qxa4 {[%clk 00:54:51]} {[%emt
00:07:23]} Nxa4 {[%clk 01:08:19]} {[%emt 00:00:13]} 15. Nh5 {[%clk 00:55:17]}
{[%emt 00:00:04]} Be4 {[%clk 01:02:07]} {[%emt 00:06:42]} 16. Rg1 {[%clk
00:55:25]} {[%emt 00:00:22]} g5 {[%clk 01:01:37]} {[%emt 00:01:01]} 17. Rc1
{[%clk 00:48:41]} {[%emt 00:07:14]} a6 {[%clk 00:59:40]} {[%emt 00:02:27]} 18.
Be2 {[%clk 00:47:54]} {[%emt 00:01:17]} Bg6 {[%clk 00:57:14]} {[%emt 00:02:56]}
19. f4 {[%clk 00:43:37]} {[%emt 00:04:46]} Bxh5 {[%clk 00:53:10]} {[%emt
00:04:34]} 20. gxh5 {[%clk 00:44:06]} {[%emt 00:00:02]} gxf4 {[%clk 00:53:32]}
{[%emt 00:00:08]} 21. Bxf4 {[%clk 00:44:31]} {[%emt 00:00:05]} Ne7 {[%clk
00:53:37]} {[%emt 00:00:25]} 22. Bd3 {[%clk 00:44:54]} {[%emt 00:00:06]} Nb2
{[%clk 00:51:45]} {[%emt 00:02:23]} 23. Bb1 {[%clk 00:45:16]} {[%emt 00:00:07]}
Nf5 {[%clk 00:44:14]} {[%emt 00:08:02]} 24. Bxf5 {[%clk 00:44:50]} {[%emt
00:00:55]} exf5 {[%clk 00:44:43]} {[%emt 00:00:02]} 25. Ke2 {[%clk 00:45:12]}
{[%emt 00:00:07]} Ke7 {[%clk 00:43:16]} {[%emt 00:01:57]} 26. Rg7 {[%clk
00:43:02]} {[%emt 00:02:39]} Ke6 {[%clk 00:42:09]} {[%emt 00:01:39]} 27. Rcg1
{[%clk 00:34:25]} {[%emt 00:09:06]} b5 {[%clk 00:40:52]} {[%emt 00:01:47]} 28.
Bc1 {[%clk 00:32:45]} {[%emt 00:02:10]} Nc4 {[%clk 00:41:03]} {[%emt 00:00:20]}
29. Kf3 {[%clk 00:32:32]} {[%emt 00:00:42]} a5 {[%clk 00:40:17]} {[%emt
00:01:17]} 30. bxa5 {[%clk 00:28:54]} {[%emt 00:04:08]} Nxa5 {[%clk 00:39:14]}
{[%emt 00:01:33]} 31. R1g2 {[%clk 00:27:01]} {[%emt 00:02:22]} Nc4 {[%clk
00:39:12]} {[%emt 00:00:33]} 32. Kg3 {[%clk 00:16:11]} {[%emt 00:11:19]} b4
{[%clk 00:36:07]} {[%emt 00:03:35]} 33. Kh3 {[%clk 00:15:31]} {[%emt 00:01:10]}
Rab8 {[%clk 00:35:57]} {[%emt 00:00:41]} 34. R7g3 {[%clk 00:14:08]} {[%emt
00:01:53]} Rb7 {[%clk 00:21:20]} {[%emt 00:15:07]} 35. Rg8 {[%clk 00:11:47]}
{[%emt 00:02:50]} Rb8 {[%clk 00:16:38]} {[%emt 00:05:13]} 36. Rxh8 {[%clk
00:11:02]} {[%emt 00:01:14]} Rxh8 {[%clk 00:17:06]} {[%emt 00:00:03]} 37. Rg3
{[%clk 00:10:22]} {[%emt 00:01:09]} c5 {[%clk 00:12:34]} {[%emt 00:05:03]} 38.
dxc5 {[%clk 00:10:48]} {[%emt 00:00:04]} Nxe5 {[%emt 00:00:25]} 39. Rb3 {[%clk
00:09:50]} {[%emt 00:01:27]} Nc6 {[%clk 00:11:54]} {[%emt 00:01:16]} 40. Re3+
{[%clk 00:08:48]} {[%emt 00:01:31]} Kf6 {[%clk 00:11:24]} {[%emt 00:01:00]} 41.
a3 {[%clk 00:06:23]} {[%emt 00:02:55]} Rb8 {[%clk 00:02:03]} {[%emt 00:09:52]}
42. axb4 {[%clk 00:03:31]} {[%emt 00:03:22]} Rxb4 {[%clk 00:00:55]} {[%emt
00:01:37]} 43. Ra3 {[%clk 00:03:41]} {[%emt 00:00:20]} Rc4 {[%clk 00:29:02]}
{[%emt 00:02:24]} 44. Bxh6 {[%clk 00:32:55]} {[%emt 00:01:15]} Rxc5 {[%clk
00:28:27]} {[%emt 00:01:06]} 45. Rg3 {[%clk 00:33:03]} {[%emt 00:00:21]} d4
{[%clk 00:25:18]} {[%emt 00:03:40]} 46. Bg7+ {[%clk 00:33:17]} {[%emt
00:00:15]} Ke6 {[%clk 00:25:44]} {[%emt 00:00:04]} 47. h6 {[%clk 00:33:34]}
{[%emt 00:00:13]} f4 {[%clk 00:25:59]} {[%emt 00:00:15]} 48. Ra3 {[%clk
00:23:50]} {[%emt 00:10:13]} f6 {[%clk 00:16:37]} {[%emt 00:09:53]} 49. Kg4
{[%clk 00:12:55]} {[%emt 00:11:24]} d3 {[%clk 00:12:17]} {[%emt 00:04:51]} 50.
Kxf4 {[%clk 00:06:45]} {[%emt 00:06:40]} d2 {[%clk 00:10:02]} {[%emt 00:02:46]}
51. Rd3 {[%clk 00:04:14]} {[%emt 00:03:00]} Rd5 {[%clk 00:09:34]} {[%emt
00:00:58]} 52. Rxd2 {[%clk 00:03:21]} {[%emt 00:01:23]} Rxd2 {[%clk 00:09:57]}
{[%emt 00:00:07]} 53. h7 {[%clk 00:03:47]} {[%emt 00:00:04]} Ne7 {[%clk
00:10:23]} {[%emt 00:00:05]} 54. h8=Q {[%clk 00:04:08]} {[%emt 00:00:08]} Ng6+
{[%clk 00:10:21]} {[%emt 00:00:32]} 55. Ke3 {[%clk 00:04:33]} {[%emt 00:00:04]}
1/2-1/2

[Event "ODJM A 2023"]
[Site "Willingen GER"]
[Date "2023.05.31"]
[Round "6"]
[White "Mader, Fabian"]
[Black "Nguyen, Phuc Nhat"]
[Result "1/2-1/2"]
[Termination "normal"]
[Board "21"]
[WhiteElo "1889"]
[BlackElo "1929"]
[WhiteClock "00:26:08"]
[BlackClock "00:06:40"]
[PlyCount "63"]
[WhiteFideId "16265866"]
[BlackFideId "16253590"]
[EventCountry "GER"]
[EventRounds "9"]
[EventType "swiss"]
[EventDate "2023.05.27"]

1. e4 {[%clk 01:30:58]} {[%emt 00:00:02]} e5 {[%clk 01:30:53]} {[%emt
00:00:08]} 2. Bc4 {[%clk 01:31:22]} {[%emt 00:00:05]} Nc6 {[%clk 01:31:18]}
{[%emt 00:00:05]} 3. Nf3 {[%clk 01:31:47]} {[%emt 00:00:05]} Bc5 {[%clk
01:31:38]} {[%emt 00:00:10]} 4. c3 {[%clk 01:32:10]} {[%emt 00:00:07]} Nf6
{[%clk 01:32:03]} {[%emt 00:00:05]} 5. d3 {[%clk 01:32:34]} {[%emt 00:00:06]}
a6 {[%clk 01:32:29]} {[%emt 00:00:04]} 6. a4 {[%clk 01:32:46]} {[%emt
00:00:18]} Ba7 {[%clk 01:32:51]} {[%emt 00:00:07]} 7. h3 {[%clk 01:32:53]}
{[%emt 00:00:23]} d6 {[%clk 01:33:15]} {[%emt 00:00:06]} 8. O-O {[%clk
01:33:12]} {[%emt 00:00:12]} h6 {[%clk 01:33:41]} {[%emt 00:00:04]} 9. Nbd2
{[%clk 01:33:07]} {[%emt 00:00:35]} g5 {[%clk 01:31:47]} {[%emt 00:02:24]} 10.
Nh2 {[%clk 01:21:34]} {[%emt 00:12:03]} g4 {[%clk 01:31:46]} {[%emt 00:00:31]}
11. Nxg4 {[%clk 01:19:02]} {[%emt 00:03:02]} Nxg4 {[%clk 01:30:46]} {[%emt
00:01:29]} 12. hxg4 {[%clk 01:19:24]} {[%emt 00:00:08]} Rg8 {[%clk 01:31:02]}
{[%emt 00:00:15]} 13. Nf3 {[%clk 01:07:55]} {[%emt 00:11:58]} Bxg4 {[%clk
01:31:14]} {[%emt 00:00:19]} 14. Re1 {[%clk 01:06:25]} {[%emt 00:02:00]} Bh3
{[%clk 01:24:11]} {[%emt 00:07:33]} 15. Ng5 {[%clk 01:04:37]} {[%emt 00:02:17]}
hxg5 {[%clk 01:23:13]} {[%emt 00:01:28]} 16. gxh3 {[%clk 01:02:34]} {[%emt
00:02:33]} g4 {[%clk 01:11:50]} {[%emt 00:11:53]} 17. hxg4 {[%clk 01:01:21]}
{[%emt 00:01:44]} Qh4 {[%clk 01:00:03]} {[%emt 00:12:17]} 18. Qf3 {[%clk
01:00:01]} {[%emt 00:01:49]} Rxg4+ {[%clk 00:50:11]} {[%emt 00:10:22]} 19. Kf1
{[%clk 01:00:24]} {[%emt 00:00:07]} Rg7 {[%clk 00:34:41]} {[%emt 00:15:59]} 20.
Be3 {[%clk 00:58:54]} {[%emt 00:02:01]} Bxe3 {[%clk 00:33:01]} {[%emt
00:02:10]} 21. Qxe3 {[%clk 00:55:50]} {[%emt 00:03:34]} Ke7 {[%clk 00:32:19]}
{[%emt 00:01:13]} 22. Ke2 {[%clk 00:52:58]} {[%emt 00:03:21]} Qg4+ {[%clk
00:28:22]} {[%emt 00:04:26]} 23. Kd2 {[%clk 00:50:22]} {[%emt 00:03:07]} f5
{[%clk 00:26:44]} {[%emt 00:02:09]} 24. exf5 {[%clk 00:47:38]} {[%emt
00:03:14]} Qxf5 {[%clk 00:26:17]} {[%emt 00:00:56]} 25. Rg1 {[%clk 00:46:58]}
{[%emt 00:01:10]} Rxg1 {[%clk 00:23:22]} {[%emt 00:03:25]} 26. Rxg1 {[%clk
00:47:20]} {[%emt 00:00:08]} Rf8 {[%clk 00:23:48]} {[%emt 00:00:05]} 27. Ke1
{[%clk 00:42:45]} {[%emt 00:05:04]} Qf4 {[%clk 00:18:20]} {[%emt 00:05:58]} 28.
Rg7+ {[%clk 00:39:53]} {[%emt 00:03:22]} Kd8 {[%clk 00:16:37]} {[%emt
00:02:12]} 29. Be6 {[%clk 00:31:07]} {[%emt 00:09:17]} Qxe3+ {[%clk 00:08:42]}
{[%emt 00:08:25]} 30. fxe3 {[%clk 00:31:30]} {[%emt 00:00:08]} Ne7 {[%clk
00:09:08]} {[%emt 00:00:04]} 31. Rh7 {[%clk 00:30:15]} {[%emt 00:01:44]} c6
{[%clk 00:06:40]} {[%emt 00:02:58]} 32. Ke2 {[%clk 00:26:08]} {[%emt 00:04:37]}
1/2-1/2

[Event "ODJM A 2023"]
[Site "Willingen GER"]
[Date "2023.05.31"]
[Round "6"]
[White "Paeslack, Luis"]
[Black "Kieselbach, Jannik"]
[Result "1/2-1/2"]
[Termination "normal"]
[Board "22"]
[WhiteElo "1887"]
[BlackElo "1765"]
[WhiteClock "00:28:21"]
[BlackClock "00:28:45"]
[PlyCount "85"]
[WhiteFideId "12987760"]
[BlackFideId "16246403"]
[EventCountry "GER"]
[EventRounds "9"]
[EventType "swiss"]
[EventDate "2023.05.27"]

1. d4 {[%clk 01:30:56]} {[%emt 00:00:03]} d5 {[%clk 01:30:53]} {[%emt
00:00:07]} 2. c4 {[%clk 01:31:20]} {[%emt 00:00:07]} e6 {[%clk 01:31:16]}
{[%emt 00:00:08]} 3. Nc3 {[%clk 01:31:41]} {[%emt 00:00:08]} Nf6 {[%clk
01:31:34]} {[%emt 00:00:12]} 4. cxd5 {[%clk 01:32:01]} {[%emt 00:00:10]} Nxd5
{[%clk 01:31:49]} {[%emt 00:00:15]} 5. Nf3 {[%clk 01:21:05]} {[%emt 00:11:26]}
c5 {[%clk 01:31:29]} {[%emt 00:00:49]} 6. e4 {[%clk 01:12:53]} {[%emt
00:08:44]} Nxc3 {[%clk 01:30:55]} {[%emt 00:01:03]} 7. bxc3 {[%clk 01:13:21]}
{[%emt 00:00:02]} cxd4 {[%clk 01:31:15]} {[%emt 00:00:09]} 8. cxd4 {[%clk
01:13:36]} {[%emt 00:00:15]} Bb4+ {[%clk 01:31:19]} {[%emt 00:00:26]} 9. Bd2
{[%clk 01:13:33]} {[%emt 00:00:33]} Bxd2+ {[%clk 01:31:42]} {[%emt 00:00:08]}
10. Qxd2 {[%clk 01:13:48]} {[%emt 00:00:16]} O-O {[%clk 01:32:01]} {[%emt
00:00:10]} 11. Bc4 {[%clk 01:10:51]} {[%emt 00:03:27]} Nd7 {[%clk 01:32:20]}
{[%emt 00:00:11]} 12. O-O {[%clk 01:05:16]} {[%emt 00:06:05]} b6 {[%clk
01:31:35]} {[%emt 00:01:15]} 13. Rac1 {[%clk 00:55:09]} {[%emt 00:10:37]} Bb7
{[%clk 01:25:32]} {[%emt 00:06:33]} 14. Qf4 {[%clk 00:48:10]} {[%emt 00:07:29]}
Rc8 {[%clk 01:15:36]} {[%emt 00:10:26]} 15. Bd3 {[%clk 00:41:54]} {[%emt
00:06:46]} Nc5 {[%clk 00:59:23]} {[%emt 00:16:43]} 16. Bb1 {[%clk 00:31:54]}
{[%emt 00:10:31]} e5 {[%clk 00:58:45]} {[%emt 00:01:07]} 17. dxe5 {[%clk
00:21:17]} {[%emt 00:11:07]} Nd3 {[%clk 00:49:33]} {[%emt 00:09:42]} 18. Bxd3
{[%clk 00:21:43]} {[%emt 00:00:03]} Rxc1 {[%clk 00:44:58]} {[%emt 00:05:06]}
19. Rxc1 {[%clk 00:22:10]} {[%emt 00:00:03]} Qxd3 {[%clk 00:45:16]} {[%emt
00:00:11]} 20. Re1 {[%clk 00:19:09]} {[%emt 00:03:31]} Qc4 {[%clk 00:37:54]}
{[%emt 00:07:52]} 21. a3 {[%clk 00:18:42]} {[%emt 00:00:58]} Qd3 {[%clk
00:33:38]} {[%emt 00:04:46]} 22. Qe3 {[%clk 00:15:49]} {[%emt 00:03:23]} Rd8
{[%clk 00:31:40]} {[%emt 00:02:27]} 23. h3 {[%clk 00:14:59]} {[%emt 00:01:21]}
Qc4 {[%clk 00:30:03]} {[%emt 00:02:07]} 24. Qg5 {[%clk 00:14:18]} {[%emt
00:01:10]} Re8 {[%clk 00:28:34]} {[%emt 00:02:00]} 25. Qf4 {[%clk 00:14:05]}
{[%emt 00:00:44]} b5 {[%clk 00:25:52]} {[%emt 00:03:11]} 26. Qf5 {[%clk
00:11:48]} {[%emt 00:02:47]} Bc8 {[%clk 00:24:07]} {[%emt 00:02:15]} 27. Qh5
{[%clk 00:10:19]} {[%emt 00:01:59]} a5 {[%clk 00:18:31]} {[%emt 00:06:06]} 28.
Qg5 {[%clk 00:09:12]} {[%emt 00:01:37]} b4 {[%clk 00:12:53]} {[%emt 00:06:08]}
29. axb4 {[%clk 00:09:32]} {[%emt 00:00:11]} axb4 {[%clk 00:08:19]} {[%emt
00:05:03]} 30. Qc1 {[%clk 00:09:20]} {[%emt 00:00:42]} Qb5 {[%clk 00:07:21]}
{[%emt 00:01:28]} 31. Qb2 {[%clk 00:09:05]} {[%emt 00:00:46]} Be6 {[%clk
00:06:32]} {[%emt 00:01:17]} 32. Nd4 {[%clk 00:06:34]} {[%emt 00:03:03]} Qb6
{[%clk 00:03:33]} {[%emt 00:03:28]} 33. Nxe6 {[%clk 00:05:30]} {[%emt
00:01:34]} fxe6 {[%clk 00:03:02]} {[%emt 00:01:00]} 34. Rb1 {[%clk 00:04:50]}
{[%emt 00:01:11]} Rb8 {[%clk 00:02:59]} {[%emt 00:00:33]} 35. Qb3 {[%clk
00:05:17]} {[%emt 00:00:04]} Rb7 {[%clk 00:01:05]} {[%emt 00:02:24]} 36. Rc1
{[%clk 00:04:11]} {[%emt 00:01:36]} h6 {[%clk 00:00:57]} {[%emt 00:00:37]} 37.
Rd1 {[%clk 00:03:46]} {[%emt 00:00:54]} Rf7 {[%clk 00:01:11]} {[%emt 00:00:16]}
38. Qe3 {[%clk 00:02:28]} {[%emt 00:01:49]} Qxe3 {[%clk 00:00:50]} {[%emt
00:00:51]} 39. fxe3 {[%clk 00:02:57]} b3 {[%clk 00:01:00]} {[%emt 00:00:20]}
40. Rb1 {[%clk 00:03:01]} {[%emt 00:00:26]} Rb7 {[%clk 00:01:29]} {[%emt
00:00:01]} 41. Kf2 {[%clk 00:29:18]} {[%emt 00:04:14]} b2 {[%clk 00:28:45]}
{[%emt 00:03:13]} 42. Ke2 {[%clk 00:28:15]} {[%emt 00:01:32]} Rb3 {[%clk
00:28:45]} {[%emt 00:00:31]} 43. Kd2 {[%clk 00:28:21]} {[%emt 00:00:23]}
1/2-1/2

[Event "ODJM A 2023"]
[Site "Willingen GER"]
[Date "2023.05.31"]
[Round "6"]
[White "Hoffmann, Kay"]
[Black "Goldinov, Daniel"]
[Result "1-0"]
[Termination "normal"]
[Board "23"]
[WhiteElo "1805"]
[BlackElo "1880"]
[WhiteClock "00:13:55"]
[BlackClock "00:09:56"]
[PlyCount "59"]
[WhiteFideId "16227000"]
[BlackFideId "34605649"]
[EventCountry "GER"]
[EventRounds "9"]
[EventType "swiss"]
[EventDate "2023.05.27"]

1. d4 {[%clk 01:30:58]} {[%emt 00:00:02]} Nf6 {[%clk 01:29:48]} {[%emt
00:01:12]} 2. c4 {[%clk 01:31:16]} {[%emt 00:00:12]} c5 {[%clk 01:30:11]}
{[%emt 00:00:07]} 3. d5 {[%clk 01:31:37]} {[%emt 00:00:09]} b5 {[%clk
01:30:37]} {[%emt 00:00:04]} 4. cxb5 {[%clk 01:32:02]} {[%emt 00:00:06]} a6
{[%clk 01:31:01]} {[%emt 00:00:06]} 5. e3 {[%clk 01:32:29]} {[%emt 00:00:03]}
g6 {[%clk 01:30:36]} {[%emt 00:00:54]} 6. Nc3 {[%clk 01:32:53]} {[%emt
00:00:06]} Bg7 {[%clk 01:30:57]} {[%emt 00:00:09]} 7. Nf3 {[%clk 01:32:55]}
{[%emt 00:00:28]} O-O {[%clk 01:31:21]} {[%emt 00:00:06]} 8. Bc4 {[%clk
01:18:53]} {[%emt 00:14:32]} d6 {[%clk 01:24:43]} {[%emt 00:07:07]} 9. O-O
{[%clk 01:18:53]} {[%emt 00:00:30]} Nbd7 {[%clk 01:24:19]} {[%emt 00:00:55]}
10. bxa6 {[%clk 01:13:05]} {[%emt 00:06:19]} Nb6 {[%clk 01:23:46]} {[%emt
00:01:02]} 11. Bb5 {[%clk 01:12:25]} {[%emt 00:01:10]} Bxa6 {[%clk 01:23:25]}
{[%emt 00:00:51]} 12. Bxa6 {[%clk 01:12:49]} {[%emt 00:00:06]} Rxa6 {[%clk
01:23:51]} {[%emt 00:00:04]} 13. e4 {[%clk 01:12:43]} {[%emt 00:00:37]} Nfd7
{[%clk 01:17:43]} {[%emt 00:06:37]} 14. Bf4 {[%clk 01:02:12]} {[%emt 00:11:02]}
Qa8 {[%clk 01:10:49]} {[%emt 00:07:24]} 15. Bg5 {[%clk 00:54:16]} {[%emt
00:08:25]} f6 {[%clk 01:08:23]} {[%emt 00:02:56]} 16. Bf4 {[%clk 00:53:07]}
{[%emt 00:01:38]} Nc4 {[%clk 01:00:18]} {[%emt 00:08:36]} 17. b3 {[%clk
00:48:32]} {[%emt 00:05:05]} Nce5 {[%clk 00:51:54]} {[%emt 00:08:54]} 18. Nxe5
{[%clk 00:46:33]} {[%emt 00:02:29]} fxe5 {[%clk 00:50:24]} {[%emt 00:01:59]}
19. Bg5 {[%clk 00:45:30]} {[%emt 00:01:33]} Nf6 {[%clk 00:49:49]} {[%emt
00:01:05]} 20. Qd2 {[%clk 00:42:32]} {[%emt 00:03:29]} Rb8 {[%clk 00:46:57]}
{[%emt 00:03:22]} 21. f3 {[%clk 00:38:03]} {[%emt 00:04:59]} Rb4 {[%clk
00:35:46]} {[%emt 00:11:41]} 22. Be3 {[%clk 00:38:15]} {[%emt 00:00:18]} Nd7
{[%clk 00:32:16]} {[%emt 00:03:59]} 23. Rab1 {[%clk 00:36:13]} {[%emt
00:02:32]} Qf8 {[%clk 00:25:19]} {[%emt 00:07:27]} 24. a4 {[%clk 00:34:09]}
{[%emt 00:02:35]} Qc8 {[%clk 00:22:08]} {[%emt 00:03:41]} 25. Nb5 {[%clk
00:33:06]} {[%emt 00:01:33]} Nb6 {[%clk 00:20:34]} {[%emt 00:02:04]} 26. Rfc1
{[%clk 00:29:20]} {[%emt 00:04:16]} Qd7 {[%clk 00:19:04]} {[%emt 00:02:00]} 27.
Qf2 {[%clk 00:26:38]} {[%emt 00:03:11]} Rd4 {[%clk 00:14:32]} {[%emt 00:05:02]}
28. Bxd4 {[%clk 00:23:46]} {[%emt 00:03:22]} exd4 {[%clk 00:14:53]} {[%emt
00:00:09]} 29. Qe2 {[%clk 00:17:12]} {[%emt 00:07:04]} Bh6 {[%clk 00:09:56]}
{[%emt 00:05:27]} 30. Nxd4 {[%clk 00:13:55]} {[%emt 00:03:48]} 1-0

[Event "ODJM A 2023"]
[Site "Willingen GER"]
[Date "2023.05.31"]
[Round "6"]
[White "Zobel, Christian"]
[Black "Longo, Massimo"]
[Result "0-1"]
[Termination "normal"]
[Board "24"]
[WhiteElo "1633"]
[BlackElo "1890"]
[WhiteClock "00:06:25"]
[BlackClock "00:14:16"]
[PlyCount "74"]
[WhiteFideId "16259068"]
[BlackFideId "16205227"]
[EventCountry "GER"]
[EventRounds "9"]
[EventType "swiss"]
[EventDate "2023.05.27"]

1. d4 {[%clk 01:30:47]} {[%emt 00:00:13]} e6 {[%clk 01:30:51]} {[%emt
00:00:10]} 2. c4 {[%clk 01:30:49]} {[%emt 00:00:27]} b6 {[%clk 01:31:13]}
{[%emt 00:00:08]} 3. Nc3 {[%clk 01:29:50]} {[%emt 00:01:29]} Bb7 {[%clk
01:31:30]} {[%emt 00:00:13]} 4. e4 {[%clk 01:28:07]} {[%emt 00:02:13]} Bb4
{[%clk 01:31:46]} {[%emt 00:00:14]} 5. Bd3 {[%clk 01:27:17]} {[%emt 00:01:18]}
f5 {[%clk 01:32:07]} {[%emt 00:00:10]} 6. d5 {[%clk 01:18:10]} {[%emt
00:09:37]} Bxc3+ {[%clk 01:29:32]} {[%emt 00:03:06]} 7. bxc3 {[%clk 01:18:34]}
{[%emt 00:00:05]} fxe4 {[%clk 01:21:33]} {[%emt 00:08:30]} 8. Bxe4 {[%clk
01:17:24]} {[%emt 00:01:40]} Nf6 {[%clk 01:20:55]} {[%emt 00:01:08]} 9. Bf3
{[%clk 01:15:02]} {[%emt 00:02:52]} O-O {[%clk 01:17:08]} {[%emt 00:04:17]} 10.
Ne2 {[%clk 01:09:02]} {[%emt 00:06:30]} e5 {[%clk 01:13:38]} {[%emt 00:04:00]}
11. Ng3 {[%clk 01:06:50]} {[%emt 00:02:41]} d6 {[%clk 01:08:27]} {[%emt
00:05:42]} 12. O-O {[%clk 01:03:51]} {[%emt 00:03:29]} Nbd7 {[%clk 01:08:21]}
{[%emt 00:00:36]} 13. Be3 {[%clk 01:01:09]} {[%emt 00:03:11]} Qe8 {[%clk
01:02:17]} {[%emt 00:06:35]} 14. Qc2 {[%clk 00:59:35]} {[%emt 00:02:03]} a5
{[%clk 01:01:38]} {[%emt 00:01:10]} 15. Rae1 {[%clk 00:54:41]} {[%emt
00:05:22]} Nc5 {[%clk 00:54:39]} {[%emt 00:07:31]} 16. Be2 {[%clk 00:49:43]}
{[%emt 00:05:27]} Qa4 {[%clk 00:53:53]} {[%emt 00:01:17]} 17. Qxa4 {[%clk
00:44:39]} {[%emt 00:05:34]} Nxa4 {[%clk 00:53:25]} {[%emt 00:00:57]} 18. Bd2
{[%clk 00:44:45]} {[%emt 00:00:24]} Ba6 {[%clk 00:49:28]} {[%emt 00:04:28]} 19.
Rb1 {[%clk 00:45:00]} {[%emt 00:00:13]} Rae8 {[%clk 00:45:36]} {[%emt
00:04:24]} 20. Rfe1 {[%clk 00:38:13]} {[%emt 00:07:17]} Rf7 {[%clk 00:43:29]}
{[%emt 00:02:36]} 21. Bf1 {[%clk 00:34:48]} {[%emt 00:03:55]} Rc8 {[%clk
00:39:12]} {[%emt 00:04:47]} 22. Ne4 {[%clk 00:26:22]} {[%emt 00:08:56]} Nxe4
{[%clk 00:37:09]} {[%emt 00:02:34]} 23. Rxe4 {[%clk 00:26:50]} {[%emt
00:00:02]} Nc5 {[%clk 00:30:53]} {[%emt 00:06:46]} 24. Ree1 {[%clk 00:24:23]}
{[%emt 00:02:56]} e4 {[%clk 00:25:58]} {[%emt 00:05:26]} 25. Rbd1 {[%clk
00:21:09]} {[%emt 00:03:43]} Rcf8 {[%clk 00:21:22]} {[%emt 00:05:07]} 26. Be3
{[%clk 00:19:36]} {[%emt 00:02:03]} Nd3 {[%clk 00:21:03]} {[%emt 00:00:49]} 27.
Bxd3 {[%clk 00:19:19]} {[%emt 00:00:47]} exd3 {[%clk 00:21:28]} {[%emt
00:00:05]} 28. Rxd3 {[%clk 00:17:56]} {[%emt 00:01:54]} Bxc4 {[%clk 00:21:53]}
{[%emt 00:00:04]} 29. Rd2 {[%clk 00:17:26]} {[%emt 00:01:00]} Rf5 {[%clk
00:21:49]} {[%emt 00:00:34]} 30. Red1 {[%clk 00:17:17]} {[%emt 00:00:38]} a4
{[%clk 00:17:01]} {[%emt 00:05:19]} 31. f4 {[%clk 00:11:38]} {[%emt 00:06:09]}
h5 {[%clk 00:16:55]} {[%emt 00:00:35]} 32. g3 {[%clk 00:10:11]} {[%emt
00:01:57]} Ra8 {[%clk 00:16:18]} {[%emt 00:01:07]} 33. h3 {[%clk 00:06:52]}
{[%emt 00:03:49]} Ra5 {[%clk 00:16:07]} {[%emt 00:00:41]} 34. g4 {[%clk
00:06:33]} {[%emt 00:00:50]} hxg4 {[%clk 00:16:26]} {[%emt 00:00:10]} 35. hxg4
{[%clk 00:07:00]} {[%emt 00:00:03]} Rfxd5 {[%clk 00:16:48]} {[%emt 00:00:08]}
36. Bd4 {[%clk 00:06:59]} {[%emt 00:00:31]} a3 {[%clk 00:15:12]} {[%emt
00:02:06]} 37. Re1 {[%clk 00:06:25]} {[%emt 00:01:04]} c5 {[%clk 00:14:16]}
{[%emt 00:01:27]} 0-1